000 00907nam a2200289 a 4500
003 AR-BaBNM
005 20251128210153.0
008 082120s2002 ||||||||||||||000 | spa||
040 _cAR-BaBNM
100 1 _aLadu, Eugenia
245 0 0 _aCórdoba pregunta
_bCórdoba responde
260 _aCórdoba
_bUniversidad Tecnológica Nacional
_c1995
300 _a75 p.
_bil.
500 _aLas entrevistas incluídas en la presente obra fueron realizadas por los alumnos de 5to y 6to grado - 1996 del Instituto Privado La Primera Enseñanza de la provincia de Córdoba
650 4 _aEDUCACION
650 4 _aTALLERES ESCOLARES
650 4 _aENTREVISTAS
650 4 _aANTOLOGIAS
650 4 _aLITERATURA ARGENTINA
650 4 _aPERIODISMO
650 4 _aVIDA SOCIAL
650 4 _aIDENTIDAD CULTURAL
651 4 _aCórdoba
700 1 _aIzzo, Antonia
_eprologuista
942 _cBK
998 _cMARTIN
999 _c14361
_d14361